| 000 -LEADER | |
|---|---|
| fixed length control field | 00388nam a22001697a 4500 |
| 005 - DATE AND TIME OF LATEST TRANSACTION | |
| control field | 20180621095436.0 |
| 008 - FIXED-LENGTH DATA ELEMENTS--GENERAL INFORMATION | |
| fixed length control field | 160531b xxu||||| |||| 00| 0 eng d |
| 020 ## - INTERNATIONAL STANDARD BOOK NUMBER | |
| ISBN | 978-0-07-066019-9 |
| 041 ## - LANGUAGE CODE | |
| Language code of text/sound track or separate title | eng |
| 082 ## - DEWEY DECIMAL CLASSIFICATION NUMBER | |
| Item number | 6463 |
| Classification number | 658 |
| 100 ## - MAIN ENTRY--AUTHOR NAME | |
| Personal name | weihrich, heinz and others |
| 245 ## - TITLE STATEMENT | |
| Title | Management |
| 260 ## - PUBLICATION, DISTRIBUTION, ETC. (IMPRINT) | |
| Name of publisher | TMH |
| Year of publication | 2009 |
| 300 ## - PHYSICAL DESCRIPTION | |
| Number of Pages | 509 |
| 650 ## - SUBJECT ADDED ENTRY--TOPICAL TERM | |
| Topical Term | Management |
| 942 ## - ADDED ENTRY ELEMENTS (KOHA) | |
| Koha item type | Books |
| Lost status | Damaged status | Collection code | Home library | Current library | Shelving location | Date acquired | Full call number | Accession Number | Koha item type |
|---|---|---|---|---|---|---|---|---|---|
| MANAGEMENT | JRU Library | JRU Library | SHELF-38-B | 31/05/2016 | 658 | 6463 | Books | ||
| MANAGEMENT | JRU Library | JRU Library | SHELF-38-B | 31/05/2016 | 658 | 6464 | Books | ||
| MANAGEMENT | JRU Library | JRU Library | SHELF-38-B | 31/05/2016 | 658 | 6465 | Books | ||
| JRU Library | SHELF-16-F | 31/05/2016 | 658 | 6466 | Books | ||||
| MANAGEMENT | JRU Library | JRU Library | SHELF-38-B | 31/05/2016 | 658 | 6467 | Books | ||
| MANAGEMENT | JRU Library | JRU Library | SHELF-38-B | 31/05/2016 | 658 | 6468 | Books | ||
| MANAGEMENT | JRU Library | JRU Library | SHELF-38-B | 31/05/2016 | 658 | 6469 | Books | ||
| MANAGEMENT | JRU Library | JRU Library | SHELF-38-B | 31/05/2016 | 658 | 6470 | Books | ||
| MANAGEMENT | JRU Library | JRU Library | SHELF-38-B | 31/05/2016 | 658 | 6471 | Books | ||
| Reference | JRU Library | SHELF-28-F | 31/05/2016 | 658 | 6472 | Books |